| 000 | 00420nam a2200157Ia 4500 | ||
|---|---|---|---|
| 008 | 210716s2009 xx 000 0 und d | ||
| 020 | _a9788132102427 | ||
| 041 | _aeng | ||
| 082 | _a332.632 SHAV | ||
| 100 | _aSharan, Vyuptakesh. | ||
| 245 |
_aIndias financial sector: an era of reforms. _bEra of reforms. |
||
| 250 | _a1 | ||
| 260 |
_aNew Delhi _bSage Publications _c2009 |
||
| 300 | _axxxi,236 | ||
| 650 | _aFinance | ||
| 999 |
_c207868 _d207868 |
||